|
|
|
|
| LEADER |
02033nam a2200589 a 4500 |
| 001 |
nkc20071718947 |
| 003 |
CZ PrNK |
| 005 |
20121220132923.0 |
| 007 |
ta |
| 008 |
070509s2007 xr e 000 0 cze |
| 015 |
|
|
|a cnb001718947
|
| 020 |
|
|
|a 978-80-85965-51-3
|q (váz.)
|
| 035 |
|
|
|a (OCoLC)187296188
|
| 040 |
|
|
|a BOA001
|b cze
|d ABA001
|d OLA001
|
| 072 |
|
7 |
|a 2
|x Náboženství
|2 Konspekt
|9 5
|
| 080 |
|
|
|a 27-67:233-852.5Y
|2 MRF
|
| 080 |
|
|
|a 27-1/-9
|2 MRF
|
| 080 |
|
|
|a 27-29
|2 MRF
|
| 080 |
|
|
|a 233-1/-9
|2 MRF
|
| 080 |
|
|
|a 2-1
|2 MRF
|
| 080 |
|
|
|a 2-64/-67
|2 MRF
|
| 080 |
|
|
|a 2-277.3
|2 MRF
|
| 080 |
|
|
|a (049)
|2 MRF
|
| 100 |
1 |
|
|a Mihulová, Marie,
|d 1926-2020
|7 jn20001227798
|4 aut
|
| 245 |
1 |
0 |
|a Křesťanství a jóga /
|c Marie Mihulová, Milan Svoboda
|
| 250 |
|
|
|a Vyd. 1.
|
| 260 |
|
|
|a Liberec :
|b Santal,
|c 2007
|
| 300 |
|
|
|a 189 s. ;
|c 21 cm
|
| 504 |
|
|
|a Obsahuje bibliografii
|
| 650 |
0 |
7 |
|a křesťanství a jóga
|7 ph400089
|2 czenas
|
| 650 |
0 |
7 |
|a křesťanské učení
|7 ph122129
|2 czenas
|
| 650 |
0 |
7 |
|a křesťanská literatura
|7 ph122098
|2 czenas
|
| 650 |
0 |
7 |
|a učení hinduismu
|7 ph164205
|2 czenas
|
| 650 |
0 |
7 |
|a filozofie náboženství
|7 ph114544
|2 czenas
|
| 650 |
0 |
7 |
|a mezináboženské vztahy
|7 ph122798
|2 czenas
|
| 650 |
0 |
7 |
|a biblická exegeze
|7 ph118844
|2 czenas
|
| 650 |
0 |
9 |
|a Christianity and yoga
|2 eczenas
|
| 650 |
0 |
9 |
|a Christian doctrine
|2 eczenas
|
| 650 |
0 |
9 |
|a Christian literature
|2 eczenas
|
| 650 |
0 |
9 |
|a Hindu doctrine
|2 eczenas
|
| 650 |
0 |
9 |
|a philosophy of religion
|2 eczenas
|
| 650 |
0 |
9 |
|a interfaith relations
|2 eczenas
|
| 650 |
0 |
9 |
|a Biblical exegesis
|2 eczenas
|
| 655 |
|
7 |
|a pojednání
|7 fd133056
|2 czenas
|
| 655 |
|
9 |
|a essays
|2 eczenas
|
| 700 |
1 |
|
|a Svoboda, Milan
|7 ola2003201084
|4 aut
|
| 910 |
2 |
|
|a BOA001
|b 2-1186.500
|
| 990 |
|
|
|a BK
|
| 995 |
|
|
|a 01
|
| 991 |
|
|
|b 200705
|c NOV
|
| 996 |
6 |
|
|b 2610311321
|c 2-1186.500
|l MZK
|r HSS 4p
|n 0
|p p.v.
|h 2 MIH
|w 000850240
|u 000010
|a 0
|e BOA001
|j MZK50
|s P
|
| 996 |
6 |
|
|b 2610531242
|c 2-1186.500
|l MZK
|r Sklad / do 1 hodiny
|n 0
|p kup
|w 000850240
|u 000020
|a 1
|e BOA001
|j MZK50
|s P
|